000 00702nam a2200241Ia 4500
003 OSt
005 20220925220502.0
006 a|||||r|||| 00| 0
007 ta
008 220923b |||||||| |||| 00| 0 eng d
020 _a0 333 25887 8
037 _cGeneral Book
040 _aRTL
_cRTL
_beng
041 _2eng
_aeng
082 _aX:3M24xM18.58.N7, L9
100 _aBellis Paul
_9284902
245 0 _aMarxism and the USSR
_b The theory of proletarian di
260 _aLondon
_bMacmillan
_c1979
300 _a267p
_ccm.
650 _aEconomics Classes Karl Marx
_9230895
942 _hX:3M24xM18.58.N7, L9
_cGB
_2CC
999 _c571628
_d571628